• 首页
  • 本馆介绍
  • 公告通知
  • 最新文献
  • 馆藏检索
  • 电子资源
  • 读者导购
  • 参考咨询
  • 我的图书馆
  • 登录
  • 详细信息显示
  • 放入我的书架
  • 预约/预借图书
  • 作者相关作品
  • 分类相关作品
  • 丛书相关作品
  • 出版社相关作品

书目信息

  • 表格格式
  • 工作单格式
  • 卡片格式
题名:
基辛格回忆录
    
 
作者: 基辛格 著 ;张志明 译
分册:  
出版信息: 北京   世界知识出版社  1982
页数: 155页
开本: 19cm
丛书名:
单 册:
中图分类: K837.127.5 , K837.12
科图分类:
主题词:
电子资源:
ISBN:
000 00735nam0 2200253 45
001 1535386111
005 20150120095009.60
010    @dCNY0.55
091    @aCN@b3003.1644
100    @a19950602d1982 em y0chiy0121 ea
101 1  @achi@ceng
102    @aCN@b110000
105    @ac z 000yd
200 10 @a基辛格回忆录@Aji xin ge hui yi lu@e第二卷:动乱年代1973-1974(节译本)@f(美)亨利·基辛格著@g张志明译
210    @a北京@c世界知识出版社@d1982
215    @a155页@c照片@d19cm
600  1 @a基辛格@bH.A.@x回忆录
690    @aK837.127.5@v3
690    @aK837.12@v4
701  1 @a基辛格@Aji xin ge@b亨利@4著
702  0 @a张志明@Azhang zhi ming@4译
801  0 @aCN@bTSSF@c20150120
801  2 @aCN@bNLC
905    @aZUCC@dK837.12@eJY30
    
    基辛格回忆录:第二卷:动乱年代1973-1974(节译本)/(美)亨利·基辛格著/张志明译.-北京:世界知识出版社,1982
    155页:照片;19cm
    
    
    ISBN :CNY0.55
    
●
相关链接 在E读中查询图书 在五车中查询图书 在当当中查询图书 在豆瓣中查询图书


正题名:基辛格回忆录     索取号:K837.12/JY30         预约/预借

序号 登录号 条形码 馆藏地/架位号 状态 备注
1 7836556   278365564   学院路分馆/ [索取号:K837.12/JY30] 在馆    
唐山师范学院图书馆 欢迎您!
大连网信软件有限公司© 版权所有